Las narcodemocracias andinas /
Salvato in:
| Autore principale: | |
|---|---|
| Natura: | Libro |
| Lingua: | Spanish |
| Tags: |
Aggiungi Tag
Nessun Tag, puoi essere il primo ad aggiungerne!!
|
MARC
| LEADER | 00000nam a22000007a 4500 | ||
|---|---|---|---|
| 003 | cru CIDCACS/IIS | ||
| 005 | 20190307140645.0 | ||
| 007 | ta | ||
| 008 | 190307t1997 sp |||p|r||||||0| ||spa|d | ||
| 999 | |c 42235 |d 42235 | ||
| 040 | |c cru CIDCACS/IIS | ||
| 100 | 1 | |9 8369 |a Dabène, Olivier | |
| 245 | 4 | |a Las narcodemocracias andinas / |c Olivier Dabène | |
| 300 | |a páginas 85-100: |b tablas | ||
| 773 | 0 | |0 42224 |9 2724 |a Semanario de Estudios Políticos sobre América Latina (SEPLA) |d Madrid: SEPLA, 1991- |o 08722 |t América Latina: | |
| 942 | |2 ddc |c PP | ||
